Počítače, algoritmy a programování

Guardado en:
Detalles Bibliográficos
Autor principal: Makovička, Jiří
Autor Corporativo: Univerzita Karlova v Praze
Formato: Libro
Lenguaje:checo
Publicado: Praha Státní pedagogické nakladatelství 1988
Edición:1. vyd.
Etiquetas: Agregar Etiqueta
Sin Etiquetas, Sea el primero en etiquetar este registro!

MARC

LEADER 00000nam a2200000 4500
001 c027894
005 20221219085516.0
041 0 |a cze 
044 |a CZ 
245 1 0 |a Počítače, algoritmy a programování  |c Jiří Makovička 
250 |a 1. vyd. 
264 1 |a Praha  |b Státní pedagogické nakladatelství  |c 1988 
300 |a 153 s. 
100 1 |a Makovička, Jiří 
710 2 |a Univerzita Karlova v Praze